AFI Life Achievement Award Winners - Statistics

General Stats
  • This quiz has been taken 168 times
  • The average score is 26 of 48
Answer Stats
Year Winner % Correct
2007 Al Pacino
90%
2003 Robert De Niro
90%
2004 Meryl Streep
79%
2010 Mike Nichols
77%
1995 Steven Spielberg
76%
1994 Jack Nicholson
74%
1997 Martin Scorsese
71%
1996 Clint Eastwood
69%
2019 Denzel Washington
69%
2000 Harrison Ford
69%
1973 John Ford
69%
1978 Henry Fonda
68%
2014 Jane Fonda
68%
2002 Tom Hanks
66%
1980 James Stewart
63%
1977 Bette Davis
61%
1999 Dustin Hoffman
58%
2016 John Williams
58%
2011 Morgan Freeman
58%
1992 Sidney Poitier
58%
1975 Orson Welles
56%
1979 Alfred Hitchcock
55%
2017 Diane Keaton
55%
2005 George Lucas
55%
1993 Elizabeth Taylor
53%
1991 Kirk Douglas
53%
2009 Michael Douglas
53%
1985 Gene Kelly
50%
2008 Warren Beatty
48%
2012 Shirley MacLaine
47%
2020 Julie Andrews
45%
2006 Sean Connery
45%
1974 James Cagney
44%
1989 Gregory Peck
42%
2013 Mel Brooks
42%
1981 Fred Astaire
40%
1984 Lillian Gish
40%
1976 William Wyler
40%
1987 Barbara Stanwyck
39%
2018 George Clooney
39%
1988 Jack Lemmon
39%
2001 Barbra Streisand
35%
1986 Billy Wilder
34%
1983 John Huston
32%
2015 Steve Martin
31%
1982 Frank Capra
26%
1990 David Lean
21%
1998 Robert Wise
18%
No matching quizzes found
Score Distribution
Percent of People with Each Score
Percentile by Number Answered
Your Score History
You have not taken this quiz